Διηγήματα της εισβολής
Saved in:
| Other Authors: | |
|---|---|
| Format: | Book |
| Language: | Greek |
| Published: |
Αθήνα :
ΑΙΠΕΙΑ, Σπίτι της Κύπρου, Πάπυρος,
2018.
|
| Subjects: | |
| Tags: |
Add Tag
No Tags, Be the first to tag this record!
|
MARC
| LEADER | 00000cam a2200000 a 4500 | ||
|---|---|---|---|
| 001 | 1/117593 | ||
| 008 | 181126s2018####gr | ||| |||| ||gre|| | ||
| 020 | |a 9789604861446 | ||
| 040 | |a GR-MyUa |b gre |c GR-MyUa |e AACR2 | ||
| 041 | 0 | |a gre | |
| 082 | 7 | |a 889.3 |2 (23) | |
| 245 | 0 | 0 | |a Διηγήματα της εισβολής / |c εισαγωγή-ανθολόγηση: Κώστας Λυμπουρής. |
| 260 | |a Αθήνα : |b ΑΙΠΕΙΑ, Σπίτι της Κύπρου, |b Πάπυρος, |c 2018. | ||
| 300 | |a 256 σ. ; |c 24 εκ. | ||
| 650 | 0 | |a Greek literature, Modern |z Cyprus |x History and critisism. | |
| 650 | 0 | |a Greek fiction, Modern |x Literary collections. | |
| 700 | 1 | |a Λυμπουρής, Κώστας, |d 1950- |e aui |e edt | |
| 852 | |a INST |b RHODES |e 20181126 |h 889.3 ΔΙΗ |p 005400040354 |q 005400040354 |t BK |y 0 | ||
| 970 | |z 26-11-2018 | ||